Países con Leopardos salvajes - Estadísticas

Estadísticas generales
  • Esta prueba ha sido intentada 59 veces
  • La puntuación promedio es 27 de 65
Estadísticas de respuestas
País % Correcto
Sudáfrica
79%
República Democrática del Congo
77%
Congo
74%
Kenia
72%
Níger
72%
Chad
69%
Angola
67%
Nigeria
67%
Mozambique
64%
Namibia
64%
Tanzania
64%
Guinea
62%
Senegal
62%
Camerún
59%
India
59%
Botsuana
56%
Gabón
56%
República Centroafricana
56%
Sudán
56%
Uganda
56%
Etiopía
54%
Guinea Ecuatorial
54%
Ruanda
54%
Guinea Bissau
51%
Somalia
51%
Sudán del Sur
51%
Burundi
49%
China
49%
Indonesia
49%
Malaui
49%
Mali
49%
Ghana
46%
Lesoto
46%
Benín
44%
Eritrea
44%
Gambia
44%
Mauritania
44%
Costa de Marfil
41%
Suazilandia
41%
Liberia
38%
Burkina Faso
36%
Rusia
36%
Bangladés
33%
Togo
33%
Irán
28%
Myanmar
28%
Camboya
26%
Irak
26%
Nepal
26%
Laos
23%
Arabia Saudí
21%
Afganistán
18%
Bután
18%
Corea del Norte
15%
Siria
15%
Armenia
13%
Omán
13%
Turquía
13%
Georgia
10%
Tayikistán
10%
Turkmenistán
10%
Uzbekistán
10%
Azerbayan
5%
Singapur
5%
Paquistán
0%
No se encontraron pruebas coincidentes
Distribución de puntuación
Porcentaje de gente con cada puntuación
Porcentaje por número respondido
Historial de tus puntuaciones
No has intentado esta prueba.